Promoting learner autonomy : (Record no. 42319)

MARC details
000 -LEADER
fixed length control field 00722nam a22002057a 4500
010 ## - LCCN (DPL NO)
LC control number ENG-100768
020 ## - INTERNATIONAL STANDARD BOOK NUMBER
Terms of availability 285.00
International Standard Book Number 9788125038429
035 ## - SYSTEM CONTROL NUMBER
System control number EN-84301
037 ## - SOURCE OF ACQUISITION
Source of stock number/acquisition DBAD / PUB
082 ## - DEWEY DECIMAL CLASSIFICATION NUMBER
Classification number 401
100 ## - MAIN ENTRY--PERSONAL NAME
Personal name Premakumari Dheram
245 ## - TITLE STATEMENT
Title Promoting learner autonomy :
Statement of responsibility, etc by Premakumari Dheram
Remainder of title a teacher's reflections on ESL in India /
260 ## - PUBLICATION, DISTRIBUTION, ETC. (IMPRINT)
Place of publication, distribution, etc Hyderabad
Name of publisher, distributor, etc Orient BlackSwan
Date of publication, distribution, etc 2010
270 ## - ADDRESS
Address 3-6-752, Himayatnagar
City Hyderabad
Postal code 500029
300 ## - PHYSICAL DESCRIPTION
Extent xii, 100 p.
Dimensions 24cm (Pbk)
500 ## - GENERAL NOTE
General note Includes Index
700 ## - ADDED ENTRY--PERSONAL NAME
9 (RLIN) 6162
942 ## - ADDED ENTRY ELEMENTS (KOHA)
Source of classification or shelving scheme Dewey Decimal Classification
Item type English Books
Call number suffix PRE
Classification part 401
Holdings
Withdrawn status Lost status Not for loan Collection code Home library Current library Date acquired Cost, normal purchase price Full call number Barcode Copy number Cost, replacement price Koha item type
    Not For Loan Non-fiction D.B.Act.Division Bawana 17/08/2010 285.00 616.079 ACH EN-84301 1 285.00 English Books

© Delhi Public Library
Hit Counter
free hit counter